[Event "Montreal Summer Classic"]
[Site "Montreal CAN"]
[Date "2018.07.30"]
[Round "1"]
[White "Yu, Zong Yang"]
[Black "Ostrovskiy, Aleksandr"]
[Result "1-0"]
[WhiteElo "2389"]
[BlackElo "2424"]
[PlyCount "147"]
[EventDate "2018.07.30"]
[EventType "tourn"]
[EventRounds "9"]
[EventCountry "CAN"]

1. d4 Nf6 2. Nf3 d5 3. c4 e6 4. g3 Be7 5. Bg2 O-O 6. O-O dxc4 7. Qc2 a6 8. a4
Bd7 9. Qxc4 Bc6 10. Bf4 Bd6 11. Qc1 a5 12. Nc3 Na6 13. Rd1 Nb4 14. Bg5 Be7 15.
Qb1 h6 16. Bd2 Bxf3 17. Bxf3 c6 18. e4 Qb6 19. Be3 Rfd8 20. Rd2 Rd7 21. Qf1
Rad8 22. Rad1 Qc7 23. Qc4 Ne8 24. Qe2 Bf6 25. Nb1 e5 26. dxe5 Bxe5 27. Na3 Rxd2
28. Rxd2 Rxd2 29. Qxd2 Nd6 30. Bg2 g5 31. h4 gxh4 32. Bxh6 Qe7 33. Bg5 f6 34.
Bxh4 c5 35. f4 Bd4+ 36. Kh2 Qe6 37. Qe2 Kf8 38. Nc2 Nxc2 39. Qxc2 Qa2 40. e5
fxe5 41. fxe5 Bxe5 42. Qxc5 Qxb2 43. Qxa5 b6 44. Qa8+ Kg7 45. Qa7+ Nf7 46. Qd7
Qd4 47. Qxd4 Bxd4 48. g4 Ne5 49. Kg3 Nd3 50. Bg5 Kg6 51. Bd2 Be5+ 52. Kh4 Nc5
53. Bc6 Bd4 54. Be8+ Kg7 55. g5 Ne4 56. Bf4 Nf2 57. Kg3 Nd3 58. Bd2 Kf8 59. Bb5
Nc5 60. Kf4 Kg7 61. Kf5 Kf7 62. Bf4 Kg7 63. Bc7 Nb3 64. Bd8 Nd2 65. Ke6 Nf3 66.
Kd5 Be3 67. Ke4 Bxg5 68. Bxb6 Nd2+ 69. Kd5 Nb1 70. Bd4+ Kf7 71. a5 Bf4 72. a6
Bb8 73. Kc6 Na3 74. Bd3 1-0

[Event "Montreal Summer Classic"]
[Site "Montreal CAN"]
[Date "2018.07.31"]
[Round "2.1"]
[White "Ragnarsson, Dagur"]
[Black "Chen, Richard"]
[Result "1/2-1/2"]
[WhiteElo "2247"]
[BlackElo "2312"]
[PlyCount "142"]
[EventDate "2018.07.30"]
[EventType "tourn"]
[EventRounds "9"]
[EventCountry "CAN"]

1. Nf3 d5 2. c4 e6 3. d4 Nf6 4. g3 Bb4+ 5. Bd2 Be7 6. Bg2 Nbd7 7. O-O c6 8. Qc2
b6 9. Bf4 Ba6 10. Ne5 Nxe5 11. dxe5 Nd7 12. cxd5 cxd5 13. Rd1 Rc8 14. Nc3 g5
15. Bc1 b5 16. e4 d4 17. Rxd4 Qc7 18. a3 Nxe5 19. Rd1 O-O 20. Qe2 Rcd8 21. Be3
Qc4 22. Bf1 Qxe2 23. Bxe2 Nc4 24. Bxa7 Bf6 25. Bxc4 bxc4 26. Rxd8 Rxd8 27. Rd1
Rxd1+ 28. Nxd1 g4 29. f4 gxf3 30. Kf2 Bb7 31. Kxf3 Bg5 32. Be3 Bf6 33. g4 Be5
34. Bf4 Bd4 35. g5 Bc6 36. Bd2 Ba4 37. Ke2 Bc2 38. Bc3 Bg1 39. Be5 Bxe4 40. Nf2
Bg2 41. a4 Kf8 42. a5 Ke8 43. Ng4 Kd7 44. Nf6+ Kc6 45. Nxh7 Kd5 46. Bg3 Bd4 47.
Nf6+ Kc6 48. Ng4 Bxb2 49. Be5 Bc1 50. Ne3 Be4 51. h4 Bg6 52. Bc3 Bh5+ 53. Kf2
Kb5 54. Ng2 e5 55. Ne3 Ba3 56. Bxe5 Bc5 57. Bc3 Ka4 58. Bd2 Kb3 59. Kg2 c3 60.
Bc1 c2 61. a6 Be2 62. Nf5 Bxa6 63. Kf3 Bd3 64. Kg4 Ba3 65. Nd4+ Ka4 66. Bxa3
Kxa3 67. Nxc2+ Bxc2 68. h5 Bd1+ 69. Kh4 Kb4 70. g6 fxg6 71. h6 g5+ 1/2-1/2

[Event "Montreal Summer Classic"]
[Site "Montreal CAN"]
[Date "2018.07.31"]
[Round "2.2"]
[White "Ostrovskiy, Aleksandr"]
[Black "Hua, Eugene"]
[Result "1/2-1/2"]
[WhiteElo "2424"]
[BlackElo "2340"]
[PlyCount "131"]
[EventDate "2018.07.30"]
[EventType "tourn"]
[EventRounds "9"]
[EventCountry "CAN"]

1. e4 c5 2. Nf3 d6 3. Bb5+ Nd7 4. c3 Ngf6 5. Qe2 a6 6. Ba4 b5 7. Bc2 Bb7 8. d4
e6 9. O-O Be7 10. Nbd2 Qc7 11. Bd3 O-O 12. Re1 e5 13. dxe5 dxe5 14. c4 b4 15.
Nf1 Rfe8 16. Qc2 Nf8 17. Ne3 Ne6 18. Nd5 Qd6 19. Bd2 a5 20. a4 Rac8 21. b3 Nd7
22. Be3 Nb8 23. Qd1 Nc6 24. Nd2 Ned4 25. Ra2 Rcd8 26. Nf1 Bc8 27. f3 Qb8 28.
Rf2 Ne6 29. g3 Bf8 30. Qb1 Ned4 31. Nd2 Bd6 32. Bf1 Rf8 33. Bg2 f6 34. f4 Rf7
35. f5 Rdf8 36. g4 h6 37. Qd1 Ra7 38. h4 Ne7 39. Ref1 Nxd5 40. exd5 Kf7 41. Be4
Ke7 42. g5 hxg5 43. hxg5 Kd8 44. g6 Rh8 45. Rh2 Rxh2 46. Kxh2 Re7 47. Kg2 Kc7
48. Qg4 Bd7 49. Rh1 Qc8 50. Rh5 Re8 51. Bxd4 exd4 52. Kf3 Re5 53. Qh3 Re8 54.
Rh7 Rg8 55. Bd3 Qe8 56. Ne4 Qe5 57. Nxd6 Qe3+ 58. Kg2 Qxh3+ 59. Kxh3 Kxd6 60.
Kg4 Bc8 61. Kf4 Bd7 62. Bb1 Bc8 63. Bc2 Bd7 64. Be4 Bc8 65. Bd3 Bd7 66. Bc2
1/2-1/2

[Event "Montreal Summer Classic"]
[Site "Montreal CAN"]
[Date "2018.07.31"]
[Round "3.1"]
[White "Rozman, Levy"]
[Black "Ragnarsson, Dagur"]
[Result "1-0"]
[WhiteElo "2417"]
[BlackElo "2247"]
[PlyCount "105"]
[EventDate "2018.07.30"]
[EventType "tourn"]
[EventRounds "9"]
[EventCountry "CAN"]

1. c4 e5 2. Nc3 Nf6 3. Nf3 Nc6 4. e3 Bb4 5. Qc2 O-O 6. Nd5 Be7 7. a3 a5 8. Bd3
g6 9. b3 Re8 10. Bb2 Bf8 11. O-O d6 12. h3 Bg7 13. Nxf6+ Qxf6 14. Be4 Qe7 15.
d4 Nb8 16. dxe5 dxe5 17. c5 c6 18. Rfd1 Nd7 19. Rd6 Nf6 20. Rad1 Nxe4 21. Qxe4
Bf5 22. Qc4 Be6 23. Qc3 f6 24. Nd2 Qf7 25. Ne4 Rf8 26. f4 Bd5 27. Nf2 exf4 28.
exf4 h5 29. b4 axb4 30. Qxb4 Rad8 31. Ne4 Rxd6 32. Nxd6 Qc7 33. Re1 Rb8 34. Bd4
Ra8 35. Qc3 Rf8 36. Qd3 Kh7 37. f5 g5 38. Qe2 Kh6 39. h4 g4 40. Qe7 Qd8 41.
Qxb7 Qa5 42. Re7 Rg8 43. Ne8 Bf7 44. Nd6 Bd5 45. Qb4 Qxb4 46. axb4 Ra8 47. Ne8
Bf7 48. Rxf7 Rxe8 49. Bxf6 Bxf6 50. Rxf6+ Kg7 51. Rxc6 Re1+ 52. Kh2 Rb1 53. Rb6
1-0

[Event "Montreal Summer Classic"]
[Site "Montreal CAN"]
[Date "2018.07.31"]
[Round "3.5"]
[White "Chen, Richard"]
[Black "Ostrovskiy, Aleksandr"]
[Result "1/2-1/2"]
[WhiteElo "2312"]
[BlackElo "2424"]
[PlyCount "60"]
[EventDate "2018.07.30"]
[EventType "tourn"]
[EventRounds "9"]
[EventCountry "CAN"]

1. e4 c6 2. d4 d5 3. e5 c5 4. dxc5 e6 5. a3 Nc6 6. Nf3 Bxc5 7. b4 Bb6 8. Bb2
Nge7 9. Bd3 Ng6 10. O-O O-O 11. Re1 f6 12. exf6 gxf6 13. c4 Nf4 14. Bf1 e5 15.
Bc1 dxc4 16. Bxf4 exf4 17. Bxc4+ Kh8 18. Nc3 Bg4 19. Qxd8 Raxd8 20. Be2 Nd4 21.
Red1 Nxe2+ 22. Nxe2 Bc7 23. Kf1 Be5 24. Nxe5 fxe5 25. f3 Be6 26. Ke1 Kg7 27.
Rxd8 Rxd8 28. Rc1 Rd7 29. g3 fxg3 30. hxg3 b6 1/2-1/2

[Event "Montreal Summer Classic"]
[Site "Montreal CAN"]
[Date "2018.08.01"]
[Round "4"]
[White "Ragnarsson, Dagur"]
[Black "Ostrovskiy, Aleksandr"]
[Result "0-1"]
[WhiteElo "2247"]
[BlackElo "2424"]
[PlyCount "74"]
[EventDate "2018.07.30"]
[EventType "tourn"]
[EventRounds "9"]
[EventCountry "CAN"]

1. d4 d5 2. c4 e6 3. g3 Nf6 4. Bg2 Be7 5. Nf3 O-O 6. O-O dxc4 7. Ne5 c5 8. dxc5
Qc7 9. Nxc4 Qxc5 10. Nba3 Nc6 11. Bd2 Rd8 12. e3 e5 13. Rc1 e4 14. f4 exf3 15.
Qxf3 Be6 16. Qf4 Qh5 17. Bc3 Nd5 18. Bxd5 Rxd5 19. e4 Rd3 20. Ne5 Rxc3 21. Rxc3
Nxe5 22. Nc2 Rd8 23. h4 b6 24. b4 f6 25. a3 Bd6 26. Qe3 Nc4 27. Qe1 Be5 28.
Rcf3 Qe8 29. Qe2 Qc6 30. Rc1 Qd6 31. Ne1 Bd4+ 32. Kg2 Ne5 33. Rf1 Qd7 34. Kh2
b5 35. Rf4 Bc4 36. Qh5 g6 37. Qd1 Bg1+ 0-1

[Event "Montreal Summer Classic"]
[Site "Montreal CAN"]
[Date "2018.08.01"]
[Round "4"]
[White "Rozman, Levy"]
[Black "Kavutskiy, Konstantin"]
[Result "0-1"]
[WhiteElo "2417"]
[BlackElo "2409"]
[PlyCount "84"]
[EventDate "2018.07.30"]
[EventType "tourn"]
[EventRounds "9"]
[EventCountry "CAN"]

1. d4 Nf6 2. Bf4 g6 3. Nc3 d5 4. e3 Bg7 5. h4 h5 6. Nf3 O-O 7. Be2 c5 8. Nb5
Ne8 9. Be5 cxd4 10. Bxg7 Nxg7 11. Qxd4 Nc6 12. Qf4 a6 13. Nc3 Bg4 14. O-O-O e6
15. Ne4 Nf5 16. Ng1 e5 17. Qh2 Bxe2 18. Rxd5 Qb6 19. Nf6+ Kg7 20. Nd7 Qb4 21.
Nxe2 Rfd8 22. Nc3 Qe7 23. e4 Rxd7 24. exf5 Rxd5 25. Nxd5 Qc5 26. Ne3 Nd4 27.
Kb1 Rc8 28. c3 Ne2 29. Ka1 Qa5 30. f6+ Kh7 31. Qh3 Nxc3 32. a3 Rc7 33. g4 Ne4
34. Qf3 Nd2 35. Qe2 Rc3 36. Ka2 Rxe3 37. Qxe3 Qd5+ 38. b3 Qxh1 39. Qxd2 Qxh4
40. Qd8 Qxf2+ 41. Kb1 hxg4 42. Qe7 Qf5+ 0-1

[Event "Montreal Summer Classic"]
[Site "Montreal CAN"]
[Date "2018.08.01"]
[Round "5"]
[White "Kavutskiy, Konstantin"]
[Black "Ragnarsson, Dagur"]
[Result "1/2-1/2"]
[WhiteElo "2409"]
[BlackElo "2247"]
[PlyCount "131"]
[EventDate "2018.07.30"]
[EventType "tourn"]
[EventRounds "9"]
[EventCountry "CAN"]

1. d4 Nf6 2. c4 g6 3. Nc3 d5 4. cxd5 Nxd5 5. e4 Nxc3 6. bxc3 Bg7 7. Be3 c5 8.
Nf3 Qa5 9. Nd2 cxd4 10. Nc4 Qd8 11. cxd4 O-O 12. Rc1 f5 13. Qb3 f4 14. Nd6+ e6
15. Rxc8 Qxd6 16. Rxf8+ Qxf8 17. Bd2 Nc6 18. Bc3 Nxd4 19. Bxd4 Bxd4 20. Bc4 Qc5
21. O-O b5 22. Bxe6+ Kh8 23. Qf3 Qe5 24. Bb3 Rc8 25. g3 Rf8 26. Rc1 Kg7 27. g4
Rd8 28. Bd5 Bb6 29. Kg2 Rd7 30. Rc8 Rd8 31. Rc2 Rd7 32. Qb3 h5 33. h3 hxg4 34.
hxg4 Rd8 35. Qc3 Qxc3 36. Rxc3 g5 37. f3 Rd7 38. Rc8 Rc7 39. Rg8+ Kf6 40. e5+
Kxe5 41. Rxg5+ Kd4 42. Bb3 Rc5 43. Rg8 a5 44. g5 a4 45. Bf7 Kc3 46. Kh3 Rf5 47.
g6 Rg5 48. Kh4 Rg2 49. Rb8 Bf2+ 50. Kh5 b4 51. Ra8 a3 52. Rc8+ Kd4 53. Rc4+ Ke5
54. Rxb4 Bd4 55. Kh6 Kf6 56. Kh7 Be5 57. Re4 Kf5 58. Kg8 Rg3 59. Kf8 Rxf3 60.
Rxe5+ Kxe5 61. g7 Rg3 62. Bc4 Kd4 63. Ba6 f3 64. g8=Q Rxg8+ 65. Kxg8 Kc3 66.
Kf7 1/2-1/2

[Event "Montreal Summer Classic"]
[Site "Montreal CAN"]
[Date "2018.08.01"]
[Round "5"]
[White "Yu, Zong Yang"]
[Black "Rozman, Levy"]
[Result "1/2-1/2"]
[WhiteElo "2389"]
[BlackElo "2417"]
[PlyCount "78"]
[EventDate "2018.07.30"]
[EventType "tourn"]
[EventRounds "9"]
[EventCountry "CAN"]

1. Nf3 d5 2. c4 d4 3. g3 Nc6 4. Bg2 e5 5. d3 Bb4+ 6. Bd2 a5 7. O-O Nf6 8. e3
O-O 9. exd4 exd4 10. Bg5 h6 11. Bxf6 Qxf6 12. a3 Bc5 13. Nbd2 Bf5 14. Re1 Rfe8
15. Qb3 b6 16. Nh4 Bd7 17. Ne4 Qe7 18. Nf3 Qf8 19. Rac1 a4 20. Qc2 Be7 21. Re2
f5 22. Ned2 Bf6 23. Rxe8 Qxe8 24. Re1 Qf8 25. Qd1 g5 26. h3 Ra5 27. Qe2 Kg7 28.
Nh2 Re5 29. Qd1 Rxe1+ 30. Qxe1 Ne5 31. Qe2 b5 32. Nhf3 Nf7 33. cxb5 Bxb5 34.
Qe6 Qc5 35. Nc4 Bxc4 36. dxc4 d3 37. Bf1 Bxb2 38. Bxd3 Bxa3 39. Bc2 Bb2 1/2-1/2

[Event "Montreal Summer Classic"]
[Site "Montreal CAN"]
[Date "2018.08.02"]
[Round "6"]
[White "Kavutskiy, Konstantin"]
[Black "Yu, Zong Yang"]
[Result "1/2-1/2"]
[WhiteElo "2409"]
[BlackElo "2389"]
[PlyCount "100"]
[EventDate "2018.07.30"]
[EventType "tourn"]
[EventRounds "9"]
[EventCountry "CAN"]

1. d4 Nf6 2. c4 e6 3. Nf3 d5 4. e3 b6 5. Nc3 Bb7 6. cxd5 exd5 7. g3 Bd6 8. Bg2
O-O 9. O-O Nbd7 10. b3 a6 11. Bb2 Qe7 12. Rc1 Ne4 13. Qc2 Rfe8 14. Nxe4 dxe4
15. Ne5 f6 16. Nc4 Rac8 17. Bh3 Bd5 18. Nxd6 Qxd6 19. Qe2 Red8 20. Rc3 c6 21.
Qc2 Re8 22. a4 Rc7 23. Ra1 b5 24. Qe2 Nf8 25. axb5 axb5 26. Ra6 Rb8 27. Rc5
Bxb3 28. Bf5 Bc4 29. Qg4 Be6 30. Qxe4 Bxf5 31. Qxf5 Nd7 32. Rc1 Nb6 33. Ba3 b4
34. Bb2 Nd5 35. e4 Ne7 36. Qa5 Qd7 37. d5 Rbc8 38. Ra8 Rxa8 39. Qxa8+ Rc8 40.
Qa4 Qd6 41. Qa6 Qd7 42. Rd1 cxd5 43. exd5 Rd8 44. d6 Nc6 45. Qc4+ Kh8 46. h4 h6
47. Qf4 Kh7 48. Qe4+ Kh8 49. Qg6 Qe6 50. h5 Rxd6 1/2-1/2

[Event "Montreal Summer Classic"]
[Site "Montreal CAN"]
[Date "2018.08.02"]
[Round "6"]
[White "Rozman, Levy"]
[Black "Hua, Eugene"]
[Result "1/2-1/2"]
[WhiteElo "2417"]
[BlackElo "2340"]
[PlyCount "91"]
[EventDate "2018.07.30"]
[EventType "tourn"]
[EventRounds "9"]
[EventCountry "CAN"]

1. d4 d5 2. c4 e6 3. Nc3 Nf6 4. cxd5 exd5 5. Bg5 Nbd7 6. e3 c6 7. Bd3 Be7 8.
Nge2 Nh5 9. Bxe7 Qxe7 10. g4 Nhf6 11. Ng3 h6 12. Nf5 Qf8 13. Qf3 g6 14. Ng3 Qe7
15. h3 Nb6 16. O-O Be6 17. a4 a5 18. Qf4 g5 19. Qe5 Rc8 20. Nf5 Bxf5 21. Qxf5
Kf8 22. Rae1 Qe6 23. Qf3 Re8 24. Qg3 Nc8 25. Bf5 Qe7 26. e4 dxe4 27. Nxe4 Kg7
28. f4 Nxe4 29. Rxe4 Qd6 30. Qc3 Rxe4 31. Bxe4 f6 32. fxg5 hxg5 33. d5 cxd5 34.
Bxd5 b6 35. Rf5 Ne7 36. Rxg5+ Kf8 37. Bb3 Rxh3 38. Qxh3 Qd4+ 39. Kf1 fxg5 40.
Qf3+ Ke8 41. Be6 Qf4 42. Qxf4 gxf4 43. Ke2 Nc6 44. Kd3 Ke7 45. Bc8 Kf6 46. Ke4
1/2-1/2

[Event "Montreal Summer Classic"]
[Site "Montreal CAN"]
[Date "2018.08.02"]
[Round "7"]
[White "Chen, Richard"]
[Black "Rozman, Levy"]
[Result "1/2-1/2"]
[WhiteElo "2312"]
[BlackElo "2417"]
[PlyCount "94"]
[EventDate "2018.07.30"]
[EventType "tourn"]
[EventRounds "9"]
[EventCountry "CAN"]

1. e4 d6 2. d4 Nf6 3. Nc3 g6 4. f4 Bg7 5. Nf3 c5 6. dxc5 Qa5 7. Bd3 Qxc5 8. Qe2
O-O 9. Be3 Qa5 10. O-O Bg4 11. h3 Bxf3 12. Qxf3 Nc6 13. a3 a6 14. Rab1 Nd7 15.
Ne2 Rac8 16. Qf2 e6 17. c3 Qa4 18. Ng3 Na5 19. Rfd1 Qc6 20. b4 Nc4 21. Bxc4
Qxc4 22. Rxd6 Nf6 23. Bd4 Ne8 24. Rd7 Bxd4 25. Rxd4 Qxc3 26. a4 Qc2 27. Qxc2
Rxc2 28. e5 f5 29. Nf1 Nc7 30. Ne3 Ra2 31. Rc1 Rf7 32. Rd8+ Kg7 33. Rc8 Nd5 34.
Nxd5 exd5 35. R1c7 d4 36. Rxf7+ Kxf7 37. Rc7+ Ke6 38. Rxb7 d3 39. Rb6+ Ke7 40.
Rd6 Rxa4 41. Rxd3 Rxb4 42. g3 a5 43. Rd6 Rb3 44. Kf2 a4 45. Ra6 a3 46. Ra7+ Ke6
47. Rxh7 Rb2+ 1/2-1/2

[Event "Montreal Summer Classic"]
[Site "Montreal CAN"]
[Date "2018.08.02"]
[Round "7"]
[White "Hua, Eugene"]
[Black "Kavutskiy, Konstantin"]
[Result "1/2-1/2"]
[WhiteElo "2340"]
[BlackElo "2409"]
[PlyCount "120"]
[EventDate "2018.07.30"]
[EventType "tourn"]
[EventRounds "9"]
[EventCountry "CAN"]

1. c4 g6 2. g3 Bg7 3. Bg2 c5 4. Nc3 Nc6 5. Nf3 d6 6. O-O e6 7. d3 Nge7 8. Bd2
b6 9. a3 Bb7 10. Rb1 O-O 11. Qc1 Nf5 12. b4 Qd7 13. e3 Rfd8 14. Ne2 Rac8 15.
Bc3 e5 16. b5 Nce7 17. e4 Nd4 18. Nfxd4 cxd4 19. Bb4 d5 20. Bxe7 Qxe7 21. exd5
Bxd5 22. Bxd5 Rxd5 23. Qb2 Rd7 24. Rfe1 Qe6 25. Kg2 Qf5 26. Qd2 e4 27. Nf4 exd3
28. Qxd3 Qxd3 29. Nxd3 Rdc7 30. Nb2 d3 31. Nxd3 Rxc4 32. Nb4 Bf8 33. Nc6 Rc7
34. Rb3 Kg7 35. Re8 Bc5 36. Re2 Ra4 37. Rc2 Rd7 38. Rf3 f5 39. Re2 Re4 40. Rxe4
fxe4 41. Rf4 Rd2 42. Rxe4 Rxf2+ 43. Kh1 g5 44. h4 h6 45. hxg5 hxg5 46. Nxa7 Rf3
47. Kg2 Rxa3 48. Nc6 Rb3 49. Na7 Kf6 50. g4 Bd6 51. Kf2 Be5 52. Ke2 Bf4 53. Re8
Bd6 54. Re4 Bc5 55. Kd2 Rb2+ 56. Kd3 Rg2 57. Nc6 Rb2 58. Na7 Ra2 59. Nc6 Rb2
60. Na7 Ra2 1/2-1/2

[Event "Montreal Summer Classic"]
[Site "Montreal CAN"]
[Date "2018.08.02"]
[Round "7"]
[White "Yu, Zong Yang"]
[Black "Ragnarsson, Dagur"]
[Result "0-1"]
[WhiteElo "2389"]
[BlackElo "2247"]
[PlyCount "108"]
[EventDate "2018.07.30"]
[EventType "tourn"]
[EventRounds "9"]
[EventCountry "CAN"]

1. Nf3 Nf6 2. c4 g6 3. Nc3 d5 4. cxd5 Nxd5 5. e4 Nxc3 6. dxc3 Qxd1+ 7. Kxd1 Bg7
8. Bf4 c6 9. Bc4 Nd7 10. Kc2 Nc5 11. Nd2 b5 12. Be2 O-O 13. Be3 Na4 14. Nb3 f5
15. f3 fxe4 16. fxe4 Be5 17. Na5 Bd7 18. Rad1 Be8 19. Bf3 Rc8 20. Bg4 Rc7 21.
Rhf1 Bf7 22. Bh6 Rb8 23. Rd3 Bg7 24. Bxg7 Kxg7 25. Rd7 Rbc8 26. Rd2 Rf8 27.
Rdf2 Nc5 28. e5 h5 29. Bh3 g5 30. Bf5 e6 31. b4 exf5 32. bxc5 Re8 33. Re1 f4
34. g3 fxg3 35. hxg3 Bxa2 36. Rf5 Bf7 37. Kb2 Be6 38. Rf6 Bd5 39. Rf5 Be6 40.
Rf6 Bd5 41. Rf5 Rf7 42. Rxf7+ Kxf7 43. Rf1+ Ke6 44. Rf6+ Kxe5 45. Rh6 Kf5 46.
Rxh5 Kg4 47. Rh6 Kxg3 48. Nxc6 Bxc6 49. Rxc6 g4 50. Kb3 Re4 51. Ra6 Rc4 52.
Rxa7 Rxc5 53. Ra3 Kh2 54. Kb4 Rg5 0-1

[Event "Montreal Summer Classic"]
[Site "Montreal CAN"]
[Date "2018.08.03"]
[Round "8"]
[White "Kavutskiy, Konstantin"]
[Black "Chen, Richard"]
[Result "1-0"]
[WhiteElo "2409"]
[BlackElo "2312"]
[PlyCount "61"]
[EventDate "2018.07.30"]
[EventType "tourn"]
[EventRounds "9"]
[EventCountry "CAN"]

1. d4 d5 2. c4 e6 3. Nf3 Nf6 4. e3 a6 5. b3 b6 6. Bb2 Bb7 7. Bd3 c5 8. cxd5
exd5 9. Nc3 Nc6 10. Ne2 cxd4 11. Nexd4 Bb4+ 12. Ke2 O-O 13. a3 Bc5 14. b4 Nxd4+
15. Nxd4 Bxd4 16. Bxd4 Ne4 17. f3 Nd6 18. Qe1 Bc6 19. Qg3 f6 20. Qh3 f5 21. Qg3
Rf7 22. a4 b5 23. Rhc1 Qd7 24. Rc5 bxa4 25. Rac1 Nc4 26. R1xc4 f4 27. Qh4 dxc4
28. Qxh7+ Kf8 29. Bxc4 Re8 30. Rxc6 Qxd4 31. Qh8+ 1-0

[Event "Montreal Summer Classic"]
[Site "Montreal CAN"]
[Date "2018.08.03"]
[Round "8"]
[White "Yu, Zong Yang"]
[Black "Hua, Eugene"]
[Result "0-1"]
[WhiteElo "2389"]
[BlackElo "2340"]
[PlyCount "50"]
[EventDate "2018.07.30"]
[EventType "tourn"]
[EventRounds "9"]
[EventCountry "CAN"]

1. d4 d5 2. c4 e6 3. Nf3 Nf6 4. g3 dxc4 5. Bg2 a6 6. O-O Nc6 7. e3 Bd7 8. Qe2
Bd6 9. Qxc4 O-O 10. Rd1 Qe7 11. Nbd2 e5 12. dxe5 Nxe5 13. Nxe5 Bxe5 14. Bxb7
Bb5 15. Qc2 Rad8 16. Bf3 Nd5 17. a3 Nb6 18. a4 Bd3 19. Qb3 Qf6 20. Kg2 Qg6 21.
Qb4 Bd6 22. Qc3 Rfe8 23. Nb3 Be5 24. Nd4 Be4 25. Bd2 Bxf3+ 0-1

[Event "Montreal Summer Classic"]
[Site "Montreal CAN"]
[Date "2018.08.03"]
[Round "9.1"]
[White "Hua, Eugene"]
[Black "Ragnarsson, Dagur"]
[Result "1-0"]
[WhiteElo "2340"]
[BlackElo "2247"]
[PlyCount "57"]
[EventDate "2018.07.30"]
[EventType "tourn"]
[EventRounds "9"]
[EventCountry "CAN"]

1. e4 e6 2. d4 d5 3. Nd2 Be7 4. e5 c5 5. Qg4 Kf8 6. Ndf3 Nc6 7. Bd3 f5 8. Qg3
cxd4 9. Ne2 Bb4+ 10. Kf1 Bc5 11. h4 Nh6 12. Bxh6 gxh6 13. Qf4 Qc7 14. g4 Rg8
15. gxf5 exf5 16. Ng3 Rg4 17. Qxh6+ Qg7 18. Qxg7+ Rxg7 19. Nh5 Re7 20. Re1 Be6
21. Nf4 Bg8 22. Rg1 Rae8 23. Rg5 Nxe5 24. Rxf5+ Nf7 25. Rxe7 Rxe7 26. Nxd5 Rd7
27. Nf6 Rc7 28. Rxc5 Rxc5 29. Nd7+ 1-0

[Event "Montreal Summer Classic"]
[Site "Montreal CAN"]
[Date "2018.08.03"]
[Round "9.3"]
[White "Ostrovskiy, Aleksandr"]
[Black "Kavutskiy, Konstantin"]
[Result "1-0"]
[WhiteElo "2424"]
[BlackElo "2409"]
[PlyCount "127"]
[EventDate "2018.07.30"]
[EventType "tourn"]
[EventRounds "9"]
[EventCountry "CAN"]

1. e4 Nc6 2. Nf3 d6 3. d4 Nf6 4. Nc3 g6 5. h3 Bg7 6. Be3 O-O 7. d5 Nb8 8. Bc4
c6 9. a4 a5 10. O-O Na6 11. Qe2 Nc5 12. dxc6 bxc6 13. Bxc5 dxc5 14. Rad1 Qb6
15. e5 Nh5 16. Qe3 Be6 17. Bxe6 fxe6 18. Ne2 Qb4 19. b3 Nf4 20. Nxf4 Rxf4 21.
c3 Qe4 22. Qxc5 Rxf3 23. gxf3 Qxf3 24. Qxe7 Qxh3 25. Rd8+ Rxd8 26. Qxd8+ Bf8
27. Qg5 Bh6 28. Qg3 Qf5 29. Rd1 Bf4 30. Qf3 g5 31. Qh5 Bxe5 32. Rd8+ Kg7 33.
Rd7+ Kf8 34. Qxh7 Qxh7 35. Rxh7 Bxc3 36. Rc7 Bb4 37. Rxc6 Ke7 38. Kg2 Kf6 39.
Kf3 Kf5 40. Rc4 Bd6 41. Ke2 Ke5 42. Kd3 Ba3 43. Rg4 Kf5 44. f3 Bd6 45. Re4 Be7
46. Kc4 Bb4 47. Kb5 Bd2 48. Kb6 e5 49. Kb5 Bc3 50. Kc4 Bb4 51. Kd5 Bc3 52. Rc4
Bd2 53. Rc8 Bb4 54. Rc4 Bd2 55. Rc7 Bb4 56. Rf7+ Kg6 57. Rb7 Bc3 58. Ke4 Kh5
59. Rh7+ Kg6 60. Rc7 Bd4 61. Rc6+ Kh5 62. Rc4 Kh4 63. b4 axb4 64. Rxb4 1-0

[Event "Montreal op"]
[Site "Montreal CAN"]
[Date "2018.09.07"]
[Round "1.1"]
[White "Lopez Linares, Lizandro"]
[Black "Sambuev, Bator"]
[Result "1-0"]
[WhiteElo "2190"]
[BlackElo "2571"]
[PlyCount "71"]
[EventDate "2018.09.07"]
[EventType "swiss"]
[EventRounds "5"]
[EventCountry "CAN"]

1. d4 e6 2. Nf3 Nf6 3. c4 b6 4. a3 Bb7 5. Nc3 g6 6. g3 Bg7 7. Qd3 O-O 8. Bg2 d6
9. O-O Nbd7 10. Rd1 Qe7 11. e4 Rfd8 12. b3 c6 13. Bb2 e5 14. Qc2 Rac8 15. h3 a6
16. Re1 b5 17. Rad1 Nb6 18. dxe5 dxe5 19. Rxd8+ Rxd8 20. Nxe5 Nh5 21. Nf3 bxc4
22. e5 c5 23. Ne4 cxb3 24. Qxb3 Qc7 25. e6 Bd5 26. exf7+ Bxf7 27. Qc2 Bxb2 28.
Qxb2 Nd5 29. Ne5 Qb6 30. Qa1 Ndf6 31. Nxf7 Kxf7 32. Ng5+ Kg7 33. Ne6+ Kf7 34.
Qa2 Rb8 35. Nd8+ Kg7 36. Qf7+ 1-0

[Event "Montreal op"]
[Site "Montreal CAN"]
[Date "2018.09.07"]
[Round "1.2"]
[White "Yu, Zong Yang"]
[Black "Saha, Ananda"]
[Result "1-0"]
[WhiteElo "2452"]
[BlackElo "2185"]
[PlyCount "75"]
[EventDate "2018.09.07"]
[EventType "swiss"]
[EventRounds "5"]
[EventCountry "CAN"]

1. Nf3 d5 2. c4 e6 3. b3 Nf6 4. Bb2 Be7 5. g3 c6 6. Bg2 Nbd7 7. O-O O-O 8. d4
Ne4 9. Qc2 f5 10. Ne1 a5 11. Nd3 a4 12. Na3 Bd6 13. b4 Qe7 14. c5 Bc7 15. e3 e5
16. Rfe1 Nef6 17. dxe5 Nxe5 18. Nxe5 Bxe5 19. Qc1 Ne4 20. Nc2 Bd7 21. Nd4 Rab8
22. a3 b6 23. cxb6 Rxb6 24. Nf3 Bxb2 25. Qxb2 c5 26. Qe5 Qxe5 27. Nxe5 Be6 28.
f3 Nd2 29. bxc5 Rb3 30. Nc6 Kf7 31. Nd4 Rc3 32. Rad1 Nb3 33. e4 dxe4 34. fxe4
Nxd4 35. Rxd4 fxe4 36. Bxe4 Rxa3 37. Bxh7 Rc3 38. Rf4+ 1-0

[Event "Montreal op"]
[Site "Montreal CAN"]
[Date "2018.09.07"]
[Round "1.4"]
[White "Hirschberg, Valerian"]
[Black "Adriaanse, Adam"]
[Result "1-0"]
[WhiteElo "2315"]
[BlackElo "2139"]
[PlyCount "77"]
[EventDate "2018.09.07"]
[EventType "swiss"]
[EventRounds "5"]
[EventCountry "CAN"]

1. Nf3 Nf6 2. c4 c5 3. g3 g6 4. Bg2 Bg7 5. Nc3 Nc6 6. O-O O-O 7. d4 cxd4 8.
Nxd4 Qa5 9. Nb3 Qh5 10. e4 Qxd1 11. Rxd1 d6 12. h3 a5 13. Na4 Be6 14. c5 Rad8
15. Be3 d5 16. e5 Nxe5 17. Nxa5 Nc6 18. Nxc6 bxc6 19. Bd4 Bf5 20. Nb6 Rfe8 21.
b4 e5 22. Bb2 Bh6 23. f4 Bc2 24. Rdc1 Be4 25. Bxe5 Nh5 26. b5 f6 27. Bxe4 dxe4
28. Bd6 Nxg3 29. bxc6 Ne2+ 30. Kf2 Nxf4 31. Rc3 Nd3+ 32. Ke2 Nf4+ 33. Kf1 e3
34. c7 e2+ 35. Kf2 Ra8 36. Nxa8 Rxa8 37. Re1 Kf7 38. Rf3 Nd5 39. Rxe2 1-0

[Event "Montreal op"]
[Site "Montreal CAN"]
[Date "2018.09.07"]
[Round "1.5"]
[White "Rose, Felix"]
[Black "Masse, Hugues"]
[Result "0-1"]
[WhiteElo "2130"]
[BlackElo "2278"]
[PlyCount "54"]
[EventDate "2018.09.07"]
[EventType "swiss"]
[EventRounds "5"]
[EventCountry "CAN"]

1. e4 e5 2. Nf3 Nc6 3. Bc4 Bc5 4. O-O Nf6 5. d3 O-O 6. h3 d6 7. c3 Ne7 8. Re1
Ng6 9. d4 Bb6 10. a4 c6 11. Ba2 Re8 12. Nbd2 Be6 13. Nc4 exd4 14. Nxb6 Qxb6 15.
Bxe6 Rxe6 16. a5 Qc7 17. Qxd4 c5 18. Qa4 Rae8 19. Nd2 d5 20. f3 Qg3 21. Re3 Nf4
22. Kf1 Qxg2+ 23. Ke1 Qg1+ 24. Nf1 Ng2+ 25. Ke2 dxe4 26. f4 Nxf4+ 27. Ke1 Nd3+
0-1

[Event "Montreal op"]
[Site "Montreal CAN"]
[Date "2018.09.07"]
[Round "1.6"]
[White "Dukic, Zachary"]
[Black "Libersan, Thierry"]
[Result "1-0"]
[WhiteElo "2276"]
[BlackElo "2099"]
[PlyCount "71"]
[EventDate "2018.09.07"]
[EventType "swiss"]
[EventRounds "5"]
[EventCountry "CAN"]

1. e4 c5 2. Nf3 e6 3. d4 cxd4 4. Nxd4 Nc6 5. Nc3 Qc7 6. Be3 a6 7. Qd2 Nf6 8.
O-O-O Bb4 9. f3 d5 10. a3 Bxc3 11. Qxc3 dxe4 12. Nxc6 Qxc6 13. Qxc6+ bxc6 14.
Bc5 Bb7 15. Be2 Rd8 16. c4 Nd7 17. Bd6 c5 18. Rd2 f6 19. Rhd1 exf3 20. Bxf3
Bxf3 21. gxf3 Ne5 22. Bxe5 Rxd2 23. Rxd2 fxe5 24. Rd6 Ke7 25. Rxa6 Rf8 26. b4
Rxf3 27. b5 e4 28. b6 Kd7 29. a4 Kc6 30. a5 Rd3 31. Kc2 Rd4 32. Ra8 e3 33. Rc8+
Kb7 34. Rc7+ Kb8 35. a6 Rxc4+ 36. Kd3 1-0